000
00280nam a22001217a 4500
008
181022b xxu||||| |||| 00| 0 eng d
041
_a
eng
080
_a
316
100
_a
50
101
_a
SOC
245
_a
The Social Role of the Man of Knowledge
_c
Znaniecki,F
942
_2
udc
_c
BK
999
_c
50363
_d
50363